00207nam a2200097Ia 4500008004100000082000800041100001300049245002600062942000600088999001500094240331s9999 xx 000 0 und d bPER aPerera,S 0aLiving with torturers cL c5005d5005